One Piece: Les 7 Grands Corsaires en 15 secondes - Statistiques

Statistiques générales
  • Ce quiz a été pris 576 fois
  • Le résultat moyen est 4 sur 7
Statistiques - réponses
Grands Corsaires % Correct
Boa Hancock
72%
Crocodile
68%
Donquixote Doflamingo
64%
Dracule Mihawk
64%
Bartholomew Kuma
60%
Gecko Moria
60%
Jinbe
41%
Aucun quiz correspondant
Distribution des résultats
% des personnes avec chaque résultat
Percentile par nombre de réponses
Votre historique - résultats
Vous n’avez pas pris ce quiz